Essential Clinical Surgery: (Record no. 183171)

MARC details
000 -LEADER
fixed length control field 00608 a2200193 4500
005 - DATE AND TIME OF LATEST TRANSACTION
control field 20211217165350.0
010 ## - LCCN (DPL NO)
LC control number ENG-130403
020 ## - INTERNATIONAL STANDARD BOOK NUMBER
International Standard Book Number 978-93-89211-72-6
Terms of availability 1250.00
035 ## - SYSTEM CONTROL NUMBER
System control number EN-113935
037 ## - SOURCE OF ACQUISITION
Source of stock number/acquisition DBAD/PUB
082 ## - DEWEY DECIMAL CLASSIFICATION NUMBER
Classification number 617
Item number 1
100 ## - MAIN ENTRY--PERSONAL NAME
Personal name Mathew, Stanley
245 ## - TITLE STATEMENT
Title Essential Clinical Surgery:
Statement of responsibility, etc Stanley Mathew
250 ## - EDITION STATEMENT
Edition statement 2nd Edition
260 ## - PUBLICATION, DISTRIBUTION, ETC. (IMPRINT)
Place of publication, distribution, etc Hyderabad, Telangana
Name of publisher, distributor, etc Universities Press (India) Private Limited
Date of publication, distribution, etc 2021
270 ## - ADDRESS
Address 3-6-747/1/A & 3-6-754/1, Himayatnagar
City Hyderabad
Postal code 500029
300 ## - PHYSICAL DESCRIPTION
Extent ix,573p.
Dimensions 28cm (pbk)
942 ## - ADDED ENTRY ELEMENTS (KOHA)
Institution code [OBSOLETE] dpl
Item type English Books
Source of classification or shelving scheme Dewey Decimal Classification
Classification part 617
Call number suffix MAT
Holdings
Withdrawn status Lost status Not for loan Collection code Home library Current library Date acquired Source of acquisition Cost, normal purchase price Full call number Barcode Copy number Cost, replacement price Koha item type
      Non-fiction Ashok Vihar Ashok Vihar 17/12/2021 DBAD/PUB 1250.00 617 MAT EN-113935 1 1250.00 English Books

© Delhi Public Library
Hit Counter
free hit counter